Statistics for Kylian Mbappe Quiz

Click here to take the quiz!

General Stats

  • This quiz has been taken 381 times
  • The average score is 7 of 10

Answer Stats

QuestionAnswer% Correct
Which national team does Mbappe represent?France
96%
Which Brazilian attacker joins Mbappe in the PSG attack?
Neymar
92%
Which shirt number does Mbappe wear for PSG?7
86%
Which professional football club did Mbappe make his senior debut for?Monaco
86%
Which city was Mbappe born in?Paris
85%
What year was Mbappe born?1998
79%
What is the first name of Kylians younger brother who also plays for PSG?Ethan
79%
What was the transfer fee that PSG signed Mbappe for?180M Euros
47%
Which nation did Mbappe score his first senior international goal against?Netherlands
24%
Which club did Mbappe score his first goal for PSG against?FC Metz
22%

Score Distribution

Percentile by Number Answered

Percent of People with Each Score

Your Score History

You have not taken this quiz